| 000 | 00875nam a2200277 i 4500 | ||
|---|---|---|---|
| 003 | DO-SdBNP | ||
| 005 | 20240503175756.0 | ||
| 007 | ta | ||
| 008 | 110413s1994 dr 000 j spa d | ||
| 040 |
_aDO-SdBNP _bspa _cBNPHU _erda |
||
| 082 |
_bP769 _222 |
||
| 110 | 2 |
_aInstituto Tecnológico de Santo Domingo _978911 |
|
| 245 | 1 | 0 | _aPolítica social y desarrollo humano / |
| 264 | 1 |
_aSanto Domingo : _bIntec, _bFundación Friedrich Ebert, _c1994. |
|
| 300 |
_a45 páginas, _c23 cm. |
||
| 336 |
_2rdacontent _atexto _btxt |
||
| 337 |
_2rdamedia _asin mediación _bn |
||
| 338 |
_2rdacarrier _avolumen _bnc |
||
| 490 |
_aPlan educativo _v25 |
||
| 500 | _aIncluye datos biográficos del autor en la página 186. | ||
| 590 | _aInventariado, 2024/ YL | ||
| 650 | 4 |
_aDesarrollo humano _9213 |
|
| 650 | 4 |
_a Política social _985378 |
|
| 910 | _aYLockward | ||
| 942 |
_2ddc _cLF2 |
||
| 999 |
_c55820 _d55820 |
||